| 000 | 00780nam a22002177a 4500 | ||
|---|---|---|---|
| 999 |
_c166197 _d166197 |
||
| 005 | 20190716151500.0 | ||
| 010 | _aENG-125952 | ||
| 020 |
_a97893534357428 _c495.00 |
||
| 035 | _aEN-109484 | ||
| 037 | _bDBAD/PUB | ||
| 082 | _a331 | ||
| 100 | _aBeebe, Steven A. | ||
| 245 |
_aTraining and development : _cby Steven A.Beebe, Timothy P.Mottet [and] K.David Roach _bcommunicating for success / |
||
| 260 |
_aNoida _bPearson India Education _c2019 |
||
| 270 |
_a15th Floor, Tower-B, World Trade Tower, Plot No.I, Block-C, Sector 16 _bNoida, Uttar Pradesh _e201301 _mcompanysecretary.india@pearson.com |
||
| 300 |
_axv,321p. _c23cm(pbk) |
||
| 500 | _aIncludes index | ||
| 700 | _aMotte, Timothy P. | ||
| 700 | _aRoach, K.David | ||
| 942 |
_2ddc _cEN _h331 _mBEB |
||